00501nam a22001457a 4500003000400000005001700004008004100021020001800062040000600080082002000086245015400106260002800260300002200288650004500310OSt20241209064114.0241209b |||||||| |||| 00| 0 eng d a9781032784434 cn a307.76 F94 2024 aFUTURE IS URBAN II urban resilience, capacity building, nature based solution /cUtpal Sharma (Editor), Swati Kothary (Editor), Vibha Gajjar (Editor) bROUTLEDGE, [S.l.], 2024 a539 pages, 27 cm. a ARCHITECTURE / General Cities and towns